000 02834nam0a2200409 4500
001 RU\NLR\BIBL_A\022529764
005 20250609153703.0
010 _a978-5-7558-0687-9
_9200
021 _aRU
_bКН-П-25-013496
_9КН-П-25-1364
035 _a(NLR Aleph) 022529764
090 _a13429106
_c13429106
100 _a20250424d2024 u y0rusy50 ca
101 0 _arus
102 _aRU
105 _aaсh z 000yc
181 0 _ai3
_baxxe
181 0 _ab1
_bxb2e
182 0 _an
200 1 _aПедагогический колледж КБГУ: история в биографиях (1924–2024)
_fМинистерство науки и высшего образования Российской Федерации, Федеральное государственное бюджетное образовательное учреждение высшего образования "Кабардино-Балкарский государственный университет им. Х. М. Бербекова"
_gавтор-составитель: Башиева С. К.
_gредакционная коллегия: Гукепшоков М. Х. – (председатель) [и др.]
203 _aТекст
_aИзображение
_bвизуальные
_cнепосредственные
210 _aНальчик
_cКБГУ
_d2024
215 _a199 с.
_cил., цв. ил., портр., факс.
_d30
225 1 _aСерия "Образ КБГУ в лицах"
_vвып. 3
300 _aНад вып. дан. и в макете авт.: С. К. Башиева
320 _aБиблиогр.: с. 164–165 и в подстроч. примеч.
601 0 2 _aКабардино-Балкарский государственный университет им. Х.М. Бербекова
_cНальчик, город
_jБиографии
_xСотрудники
_92542814
_3RU\NLR\AUTH\6601718737
601 0 2 _aКабардино-Балкарский государственный университет им. Х.М. Бербекова
_cНальчик, город
_jБиографии
_xВыпускники
_92668358
_3RU\NLR\AUTH\6601756385
686 1 _aЧ484(2Р-6К)711.9гКабардино-Балкарский
702 1 _aБашиева
_bС. К.
_gСветлана Конакбиевна
_4220
702 1 _aГукепшоков
_bМ. Х.
_gМурат Хасанбиевич
_4340
711 0 2 _aКабардино-Балкарский государственный университет им. Х. М. Бербекова
_bПедагогический колледж
_cНальчик
_92659681
_3RU\NLR\AUTH\880627313
942 _cBOOK
980 _aNB